000 00902nmc a2200325 a 4500
003 AR-BaBNM
005 20251128204601.0
008 277019s1993 ||||||||||||||000 | spa||
020 _a950-755-095-X
040 _cAR-BaBNM
100 1 _aMagrini, César
245 1 0 _a1841drama histórico en 9 cuadros
_b; Yo, Victoria : ensayo de unipersonal
260 _aBuenos Aires
_bEdiciones Braga
_c1993
300 0 _a175 p.
490 0 _aNalidra en acuario
600 1 4 _aOcampo, Victoria
650 4 _aLITERATURA ARGENTINA
650 4 _aLITERATURA CONTEMPORANEA
650 4 _aTEATRO
650 4 _aMITOLOGIA
650 4 _aBIOGRAFIAS
650 4 _aVIDA LITERARIA
653 0 _aINFLUENCIA CLASICA
653 0 _aREVISTAS ARGENTINAS
655 _aLITERATURA
740 0 _aYo, Victoria : ensayo de unipersonal
800 1 _aMenghi, Luis Alberto
_edirector
942 _cBK
998 _cMARTIN
999 _c8024
_d8024